[Event "7th Uppsala Young Champions"]
[Site "Uppsala"]
[Date "2020.10.28"]
[Round "9.19"]
[White "Ostensson, Julia"]
[Black "Grahn, Vidar"]
[Result "0-1"]
[WhiteElo "1562"]
[BlackElo "1864"]
[Annotator "NA"]
[PlyCount "146"]
[EventDate "2020.10.23"]
[EventType "swiss"]
[EventCountry "SWE"]
[SourceTitle "playchess.com"]
[Source "ChessBase"]
[SourceQuality "1"]
[TimeControl "5400+30"]

1. e4 {[%emt 0:00:00]} e5 {[%emt 0:00:00]} 2. Nf3 {[%emt 0:00:00]} Nc6 {[%emt 0:00:00]} 3. Bb5 {[%emt 0:00:00]} a6 {[%emt 0:00:00]} 4. Ba4 {[%emt 0:00:00]} Nf6 {[%emt 0:00:00]} 5. d3 {[%emt 0:00:08]} b5 {[%emt 0:00:00]} 6. Bb3 {[%emt 0:00:06]} Be7 {[%emt 0:00:00]} 7. Nbd2 {[%emt 0:00:56]} O-O {[%emt 0:00:14]} 8. c3 {[%emt 0:00:18]} d5 {[%emt 0:00:16]} 9. Qe2 {[%emt 0:01:57]} Re8 {[%emt 0:04:17]} 10. Nf1 {[%emt 0:01:29]} h6 {[%emt 0:03:18]} 11. h3 {[%emt 0:00:14]} Bf8 {[%emt 0:01:22]} 12. g4 {[%emt 0:00:12]} Qd6 {[%emt 0:04:32]} (12... a5 $17) 13. Ng3 {[%emt 0:00:35]} Na5 {[%emt 0:01:08]} 14. Bc2 {[%emt 0:00:24]} c5 {[%emt 0:00:52]} 15. Nf5 {[%emt 0:00:24]} (15. g5 $11 hxg5 16. Nxg5) 15... Bxf5 {[%emt 0:00:13]} 16. gxf5 {[%emt 0:00:09]} c4 {[%emt 0:01:12]} 17. Rg1 {[%emt 0:17:06]} (17. dxc4 $142 Nxc4 18. Nd2) 17... cxd3 {[%emt 0:01:21]} 18. Bxd3 {[%emt 0:00:10]} dxe4 {[%emt 0:02:25]} ({Don't do} 18... Nxe4 19. Bxe4 dxe4 20. Nd2 $17) 19. Bxe4 {[%emt 0:00:10]} Nxe4 {[%emt 0:01:09]} 20. Qxe4 {[%emt 0:00:12]} Rad8 {[%emt 0:00:30]} 21. Bd2 {[%emt 0:27:34]} Nc4 {[%emt 0:01:55]} 22. O-O-O {[%emt 0:03:12]} Qb6 {[%emt 0:06:20]} 23. Qh4 {[%emt 0:13:36]} Nxd2 {[%emt 0:07:52]} 24. Nxd2 {[%emt 0:00:26]} Be7 {[%emt 0:10:02]} 25. Qg3 {[%emt 0:01:37]} Bg5 {[%emt 0:01:35]} 26. h4 {[%emt 0:01:38]} Bxd2+ {[%emt 0:00:25]} (26... Rxd2 $1 $17 27. Rxd2 Bxd2+ 28. Kxd2 Qf6) 27. Rxd2 {[%emt 0:00:13]} Qf6 {[%emt 0:00:12]} 28. Re2 {[%emt 0:02:43]} ({White should try} 28. Rxd8 $15 Rxd8 29. Qg4) 28... e4 {[%emt 0:01:39]} 29. Qg4 {[%emt 0:29:01]} Rd5 {[%emt 0:07:41]} 30. Rxe4 {[%emt 0:00:00]} Rxe4 {[%emt 0:00:11]} 31. Qxe4 {[%emt 0:00:00]} Rxf5 {[%emt 0:01:26]} 32. Rd1 $19 {[%emt 0:00:00]} Rxf2 {[%emt 0:03:28]} 33. Rd4 {[%emt 0:01:24]} Rf1+ {[%emt 0:02:22]} 34. Kc2 {[%emt 0:00:09]} Qf5 {[%emt 0:00:38]} 35. Qxf5 {[%emt 0:00:14]} Rxf5 {[%emt 0:00:07]} 36. Rd6 {[%emt 0:00:07]} a5 {[%emt 0:00:44]} 37. Rd4 {[%emt 0:01:34]} g5 {[%emt 0:01:31]} 38. b3 {[%emt 0:00:31]} Rf2+ {[%emt 0:00:59]} 39. Kd3 {[%emt 0:00:22]} Rxa2 {[%emt 0:01:44]} 40. hxg5 {[%emt 0:00:07]} hxg5 {[%emt 0:00:23]} 41. Rd5 {[%emt 0:00:06]} f6 {[%emt 0:02:03]} 42. Rxb5 {[%emt 0:00:16]} g4 {[%emt 0:00:28]} 43. Rf5 {[%emt 0:00:31]} Kg7 {[%emt 0:00:49]} 44. Rf4 {[%emt 0:00:59]} Rg2 {[%emt 0:00:44]} 45. b4 {[%emt 0:01:06]} a4 {[%emt 0:04:38]} 46. b5 {[%emt 0:00:12]} a3 {[%emt 0:01:28]} 47. b6 {[%emt 0:00:24]} a2 {[%emt 0:01:00]} 48. b7 {[%emt 0:00:52]} a1=Q {[%emt 0:00:33]} 49. b8=Q {[%emt 0:00:02]} Rg3+ {[%emt 0:01:20]} 50. Ke4 {[%emt 0:00:16]} Qh1+ {[%emt 0:01:26]} 51. Kd4 {[%emt 0:00:39]} Qd1+ {[%emt 0:01:07]} 52. Kc4 {[%emt 0:00:59]} Qd3+ {[%emt 0:00:09]} 53. Kc5 {[%emt 0:00:29]} Qxc3+ {[%emt 0:00:41]} 54. Rc4 {[%emt 0:00:25]} Qa5+ {[%emt 0:00:53]} 55. Kc6 {[%emt 0:00:44]} Qa6+ {[%emt 0:00:52]} 56. Kc5 {[%emt 0:00:22]} Qa3+ {[%emt 0:00:08]} 57. Kc6 {[%emt 0:00:33]} Qf3+ {[%emt 0:00:10]} 58. Kc5 {[%emt 0:00:34]} Qf5+ {[%emt 0:01:35]} 59. Kc6 {[%emt 0:00:28]} Qe6+ {[%emt 0:00:38]} 60. Kc5 {[%emt 0:00:08]} Qe5+ {[%emt 0:00:30]} 61. Qxe5 {[%emt 0:00:11]} fxe5 {[%emt 0:00:21]} 62. Kd5 {[%emt 0:00:29]} Kf6 {[%emt 0:00:31]} 63. Ke4 {[%emt 0:00:08]} Rf3 {[%emt 0:01:19]} 64. Rc6+ {[%emt 0:00:15]} Kg5 {[%emt 0:00:27]} 65. Kxe5 {[%emt 0:01:13]} g3 {[%emt 0:00:57]} 66. Ke4 {[%emt 0:00:11]} Rf1 {[%emt 0:00:45]} 67. Rc8 {[%emt 0:00:36]} Kg4 {[%emt 0:00:45]} 68. Rg8+ {[%emt 0:01:20]} Kh3 {[%emt 0:00:09]} 69. Rh8+ {[%emt 0:00:32]} Kg2 {[%emt 0:00:10]} 70. Ke3 {[%emt 0:00:15]} Rf2 {[%emt 0:00:24]} 71. Rh7 {[%emt 0:00:44]} Kg1 {[%emt 0:00:20]} 72. Ra7 {[%emt 0:00:31]} g2 {[%emt 0:01:47]} 73. Rh7 {[%emt 0:00:28]} Kf1 {[%emt 0:00:30]} 0-1

[Event "7th Uppsala Young Champions"]
[Site "Uppsala"]
[Date "2020.10.28"]
[Round "9.20"]
[White "Buchert, Matthaus"]
[Black "Muntean, Victor"]
[Result "1-0"]
[WhiteElo "1427"]
[BlackElo "1968"]
[Annotator "NA"]
[PlyCount "69"]
[EventDate "2020.10.23"]
[EventType "swiss"]
[EventCountry "SWE"]
[SourceTitle "playchess.com"]
[Source "ChessBase"]
[SourceQuality "1"]
[TimeControl "5400+30"]

{[%evp 19,66,25,23,23,83,73,264,272,250,256,245,258,308,32767,32767,32767,32767,32767,32767,32767,32767,458,407,463,518,541,32767,536,620,452,440,437,499,32767,32767,758,862,897,837,32767,32767,1555,32767,32767,2402,32767,32767,5150,1729]} 1. e4 {[%emt 0:00:00]} e5 {[%emt 0:00:00]} 2. Nf3 {[%emt 0:00:00]} Nc6 {[%emt 0:00:00]} 3. Bc4 {[%emt 0:00:00]} Nf6 {[%emt 0:00:00]} 4. Ng5 {[%emt 0:00:07]} d5 {[%emt 0:00:00]} 5. exd5 {[%emt 0:00:11]} Na5 {[%emt 0:00:37]} 6. Bb5+ {[%emt 0:00:10]} c6 {[%emt 0:00:10]} 7. dxc6 {[%emt 0:00:07]} bxc6 {[%emt 0:00:05]} 8. Bd3 {[%emt 0:00:10]} Nd5 {[%emt 0:01:33]} 9. Nf3 {[%emt 0:00:28]} Bd6 {[%emt 0:03:24]} 10. O-O {[%emt 0:03:12]} O-O {[%emt 0:01:45]} 11. Re1 {[%emt 0:01:07]} Nf4 {[%emt 0:04:38]} 12. Bf1 {[%emt 0:04:33]} f5 $2 {[%emt 0:01:37]} (12... c5 $16) 13. Nxe5 {[%emt 0:17:14]} Bxe5 {[%emt 0:13:16]} 14. Rxe5 {[%emt 0:00:53]} Ng6 {[%emt 0:00:11]} 15. Re1 {[%emt 0:04:16]} f4 {[%emt 0:02:15]} 16. d4 {[%emt 0:12:01]} Qg5 {[%emt 0:01:03]} 17. Nd2 {[%emt 0:16:58]} Bg4 {[%emt 0:04:25]} 18. Nf3 {[%emt 0:00:38]} Qd5 {[%emt 0:05:17]} 19. Qd3 {[%emt 0:07:39]} Kh8 {[%emt 0:04:24]} 20. Ne5 {[%emt 0:04:51]} Bf5 {[%emt 0:01:20]} 21. Qc3 {[%emt 0:01:54]} Rae8 {[%emt 0:08:16]} 22. Nxg6+ {[%emt 0:06:21]} Bxg6 {[%emt 0:02:41]} 23. Rxe8 {[%emt 0:00:48]} Bxe8 {[%emt 0:03:40]} 24. Bd2 {[%emt 0:01:59]} Nb7 {[%emt 0:00:34]} 25. Qb4 {[%emt 0:01:34]} Nd6 {[%emt 0:02:43]} 26. Re1 {[%emt 0:02:53]} Bg6 {[%emt 0:02:43]} 27. Re5 {[%emt 0:01:08]} Qf7 {[%emt 0:02:27]} 28. Qxd6 {[%emt 0:01:27]} f3 {[%emt 0:01:06]} 29. Re7 {[%emt 0:03:06]} Qxa2 {[%emt 0:02:05] [#]} 30. Rxa7 $1 {[%emt 0:01:30]} Qg8 {[%emt 0:01:02]} 31. Qxc6 {[%emt 0:01:27]} fxg2 {[%emt 0:01:45]} 32. Bc4 {[%emt 0:00:52]} Be4 {[%emt 0:00:05]} 33. Bxg8 $18 {[%emt 0:01:36]} (33. Qc7 $142 Rc8 {[#]} 34. Qe5 $1 {[%mdl 512]} Qf8 35. Bh6 $1 {[%mdl 512]} Bb7 36. Rxb7 Qxf2+ 37. Kxf2 Rf8+ 38. Kxg2 Rf2+ 39. Kh1 Rf1+ 40. Bxf1 Kg8 41. Qxg7#) 33... Bxc6 {[%emt 0:00:08]} 34. d5 {[%emt 0:00:09]} Bb5 {[%emt 0:00:53]} 35. Be6 {[%emt 0:00:32]} 1-0